Logistika rádioaktívneho odpadu

Zneškodnenie rádioaktívneho odpadu, jeho izolácia od biosféry v úložiskách. Umiestnenie rádioaktívnych odpadov v dočasnom úložisku - v medzisklade. Mokrý spôsob skladovania. Suché skladovanie. Logistika vyhoretého paliva z jadrovej elektrárne. Transport podľa prísnych pravidiel.

Na minha lista:
Detalhes bibliográficos
Formato: Capítulo de Livro
Idioma:eslovaco
Assuntos:
Tags: Adicionar Tag
Sem tags, seja o primeiro a adicionar uma tag!

MARC

LEADER 00000naa$a2200000$$$4500
001 0109571
005 20230731082103.2
041 0 |a slo 
044 |a SK 
245 1 0 |a Logistika rádioaktívneho odpadu 
520 |a Zneškodnenie rádioaktívneho odpadu, jeho izolácia od biosféry v úložiskách. Umiestnenie rádioaktívnych odpadov v dočasnom úložisku - v medzisklade. Mokrý spôsob skladovania. Suché skladovanie. Logistika vyhoretého paliva z jadrovej elektrárne. Transport podľa prísnych pravidiel. 
610 2 0 |a odpad 
610 2 0 |a odpad výrobný 
610 2 0 |a energetika 
610 2 0 |a energia atómová 
610 2 0 |a skladovanie 
610 2 0 |a ochrana prostredia životného 
610 2 0 |a logistika